Inspiration and Authority of the Bible. (Record no. 82)

MARC details
000 -LEADER
fixed length control field 00594nam a2200229 a 4500
020 ## - INTERNATIONAL STANDARD BOOK NUMBER
ISBN
082 00 - DEWEY DECIMAL CLASSIFICATION NUMBER
Classification number 220.1
Author Cutter WAR
100 ## - MAIN ENTRY--AUTHOR NAME
Author name Warfield, Benjamin Breckinridg
245 ## - TITLE STATEMENT
Title Inspiration and Authority of the Bible.
260 ## - PUBLICATION, DISTRIBUTION, ETC. (IMPRINT)
Place of publication Grand Rapids
Name of publisher Baker Book House
Year of publication 1964
300 ## - PHYSICAL DESCRIPTION
Number of Pages 446p
500 ## - GENERAL NOTE
General note includes index and biblioraphy
505 2# - FORMATTED CONTENTS NOTE
Formatted contents note Appendix, Index.
650 ## - SUBJECT ADDED ENTRY--TOPICAL TERM
Topical Term Bible-Evidences and Authority
942 ## - ADDED ENTRY ELEMENTS (KOHA)
Koha item type Books
Holdings
Collection code Home library Current library Date acquired Cost, normal purchase price Full call number Accession Number Koha item type
  Henry Martyn Institute Library Henry Martyn Institute Library 06/15/2007 100.00 220.1 WAR 02795 Books
                   Copyright © 2026 | Henry Martyn Institute | Hyderabad | TS-500052 | INDIA | Implemented by hmi.edu.in
Hit-Count:

Powered by Koha